| 000 | 00509 a2200157 4500 | ||
|---|---|---|---|
| 005 | 20250610134617.0 | ||
| 020 | _a978-0-13-814273-5 | ||
| 082 | _aLECT 658.3 DES | ||
| 100 | _aDESSLER, G. | ||
| 245 | _aHuman resource management | ||
| 250 | _a11th Ed. | ||
| 260 |
_aNew Jersey, _bPearson prentice hall, _c2008. |
||
| 300 |
_axxviii, 801p.: ill.; figure, graph, picture, table. _bGlossary & index, _c25cm. |
||
| 856 |
_yAccess online book. _fHuman resource management _dwww.prenhall.com |
||
| 942 |
_2ddc _cBKS |
||
| 999 |
_c3625 _d3625 |
||